000 00806nam a2200253Ia 4500
003 OSt
005 20220923223337.0
006 a|||||r|||| 00| 0
007 ta
008 220922b |||||||| |||| 00| 0 hin d
024 _a213,685
037 _cTextual
040 _aARTS
_cARTS
_bhin
041 _2hin
_ahin
082 _aO152,3M88,BK, M1
100 _aचतुरसेन
_9156280
245 0 _aबोधि वृक्ष की छाया में
246 _aBodhi vṛukṣha kī chhāyā mean
260 _aदिल्ली
_b प्रभात प्रका0
_c1981
300 _a296 पृ.
_ccm.
650 _aहिन्दी साहित्य
_9156264
942 _hO152,3M88,BK, M1
_cTEXL
_2CC
999 _c363893
_d363893